Normal view
MARC view
- فقة المعاملات - الفقة الاسلامي - المذهب الحنفي - الاسلام
Entry Topical Term
001 - CONTROL NUMBER
- control field: 11791
003 - CONTROL NUMBER IDENTIFIER
- control field: JO-AjAnu
005 - DATE AND TIME OF LATEST TRANSACTION
- control field: 20230606072206.0
008 - FIXED-LENGTH DATA ELEMENTS
- fixed length control field: 230606|| aca||aabn | a|a d
040 ## - CATALOGING SOURCE
- Original cataloging agency: JO-AjAnu
- Transcribing agency: JO-AjAnu
150 ## - HEADING--TOPICAL TERM
- Topical term or geographic name entry element: فقة المعاملات - الفقة الاسلامي - المذهب الحنفي - الاسلام
670 ## - SOURCE DATA FOUND
- Source citation: Work cat.: (JO-AjAnu)6073: عبيدات ، رافع محمد الفندي , author 11790, فقة المعاملات على مذهب أبي حنيفة النعمان